01106nam a2200181Ia 4500001001300000003001000013008004100023040002500064041000700089100001800096245008700114250001100201260003400212300001200246500060700258650004100865700001800906b6146-43063 IT-MiCISF161014s9999||||xx |||||||||||||| ||und|| aIT-MiCISFcIT-MiCISF ait aBenedan Sonia 0aPluridisabilità e vita quotidianabCrescere un bambino con disabilità multipla a1a ed. a Gardolo (TN)bEricksonc2006 app. 109 a / handicap, famiglia-con-handicap, educazione, apprendimento, associazioni, indirizzi / Questo libro si rivolge a quelle famiglie che necessitano di una "guida" per costruire una relazione positiva e serena con il proprio figlio con minorazione visiva e pluridisabilità, i cui primi anni di vita possono essere determinanti per lo sviluppo futuro. L'obiettivo è quello di restituire fiducia e serenità ai familiari e di orientare il bambino con pluridisabilità in un percorso che lo porti, nonostante le oggettive limitazioni, a un soddisfacente livello di autonomia e di integrazione sociale. a Dinamiche familiari / handicape001 aFaretta Elisa